Tajomstvo ceny práce

Salvato in:
Dettagli Bibliografici
Autore principale: Pavelka, Ľuboš, 1962-
Natura: Capitolo di libro
Lingua:slovacco
Soggetti:
Tags: Aggiungi Tag
Nessun Tag, puoi essere il primo ad aggiungerne!!

MARC

LEADER 00000naa a2200000 4500
001 0243654
005 20240502073939.3
041 0 |a slo 
044 |a SK 
245 1 0 |a Tajomstvo ceny práce  |c Ľuboš Pavelka 
610 2 0 |a práca 
610 2 0 |a cena práce 
610 2 0 |a mzdy 
610 2 0 |a odmeňovanie 
100 1 |a Pavelka, Ľuboš, 1962-